Sanat - "Sininen ja valkoinen" - Suomalainen kansanlaulu - Statistics

Yleistilastot
  • Tätä visaa on pelattu 28 kertaa
  • Keskiarvotulos 79 / 101
Vastaustilastot
Vastaus % Oikein
ja
100%
on
100%
sen
100%
tai
100%
taivas
100%
valkoinen
100%
hanki
95%
silmänsä
95%
sininen
95%
Sininen
95%
siniset
95%
valkoiset
95%
järvet
89%
heijastaen
84%
jäi
84%
kun
84%
mielessäin
84%
pilvet
84%
sinisyyttä
84%
taakse
84%
hiljaa
79%
kaiken
79%
kertoisin
79%
kertoisinko
79%
Kotimaa
79%
köyhyyden
79%
kysyjille
79%
mietin
79%
mitä
79%
nuo
79%
ovat
79%
siitä
79%
sinisen
79%
taivaan
79%
vastaisin
79%
lampaat
74%
rikkauden
74%
värit
74%
yöt
74%
eessä
68%
kesien
68%
ovien
68%
vapauden
68%
kunnes
63%
laudat
63%
tiesin
63%
vastauksen
63%
graniitin
42%
kylmän
42%
maahan
42%
sekä
42%
tunsin
42%
Juuret
37%
kasvoi
37%
kuiske
37%
kuitenkin
37%
lämmön
37%
lujuudessa
37%
routaisen
37%
soi
37%
terveisensä
37%
toi
37%
tuuli
37%
kuusten
26%
Ehtoja vastaavia visoja ei löytynyt
Tulosjakauma
Jokaisen tuloksen saaneiden osuus
Persentiili vastausten määrän mukaan
Tuloshistoriasi
Et ole pelannut tätä visaa